书目信息 |
| 000 | 00398nam0 2200169 450 | |
| 001 | 0728815141 | |
| 005 | 20070819080015.14 | |
| 010 | @d¥5.10 | |
| 100 | @a20070819d km y0chiy0120 ea | |
| 101 | 0 | @achi |
| 200 | 1 | @a列宁全集@Alie ning quan ji |
| 205 | @a2版 | |
| 210 | @a北京@c人民出版社@d1986 | |
| 215 | @a622页@d20cm | |
| 690 | @aA@v3 | |
| 801 | 0 | @aCN@bPFT@c20070819 |
| 905 | @a213230@dA@eZW12:40@f1 | |
| 列宁全集.-2版.-北京:人民出版社,1986 |
| 622页;20cm |
| ISBN :¥5.10 |
| ● |
| 相关链接 |
|
|
|
|
正题名:列宁全集
索取号:A/ZW12:40
 
预约/预借
| 序号 | 登录号 | 条形码 | 馆藏地/架位号 | 状态 | 备注 |
| 1 | 7600032 | 276000328 | 密集书库-文学院/ [索取号:A/ZW12:40] | 在馆 |